000 00499nam a2200181Ia 4500
003 GCL
008 140319s9999 xx 000 0 ara d
040 _aGCL /
_cGCL
082 0 4 _a813.03
_bو ا
100 1 _aسوينكا وول
245 1 0 _aاكية سنوات الطفولة /
_cسوينكا وول
260 _a[S.N] :
_bمكتبة مدبولى ،
_c1991
300 _a215 ص
490 _a
650 0 4 _aالادب العربى
650 0 4 _aالقصة العربية
942 _2ddc
_cBK
999 _c54999
_d54999